Library of the University of Algiers 3
Ibrahim Sultan Cheibout
شعار جامعة الجزائر 3
مكتبة جامعة الجزائر 3
إبراهيم سلطان شيبوط

الأوراق التجارية : (رقم التسجيلة. 44329)

تفاصيل مارك
000 -LEADER
fixed length control field 01493nam a2200265Ia 4500
003 - CONTROL NUMBER IDENTIFIER
control field Ost
005 - DATE AND TIME OF LATEST TRANSACTION
control field 20260507075407.0
008 - FIXED-LENGTH DATA ELEMENTS--GENERAL INFORMATION
fixed length control field 260507s9999||||xx |||||||||||||| ||und||
020 ## - INTERNATIONAL STANDARD BOOK NUMBER
International Standard Book Number 97751595195
040 ## - CATALOGING SOURCE
Transcribing agency fsecg
041 ## - LANGUAGE CODE
Language code of text/sound track or separate title ara
082 ## - DEWEY DECIMAL CLASSIFICATION NUMBER
Classification number 346.07
100 ## - MAIN ENTRY--PERSONAL NAME
Personal name الشواربي، عبد الحميد
Relator term مؤلف
245 #0 - TITLE STATEMENT
Title الأوراق التجارية :
Remainder of title الكمبيالة ، السند لأمر ، الشيك وفقا لقانون التجارة رقم 17 لسنة 1999 في ضوء الفقه و القضاء و التشريع مع نماذج العقود و الدعاوي التجارية /
Statement of responsibility, etc. عبد الحميد الشواربي
260 ## - PUBLICATION, DISTRIBUTION, ETC.
Place of publication, distribution, etc. الإسكندرية:
Name of publisher, distributor, etc. المكتب الجامعي الحديث,
Date of publication, distribution, etc. 2010
300 ## - PHYSICAL DESCRIPTION
Extent 793 صفحة؛
Other physical details إيضاحات ؛
Dimensions 24 سم
504 ## - BIBLIOGRAPHY, ETC. NOTE
Bibliography, etc. note المراجع ص.787
520 ## - SUMMARY, ETC.
Summary, etc. تم تناول الكمبيالة ( النصوص القانونية م 379 - 467) بالتطرق الى انشاء الكمبيالة و تداولها و ضمانات الوفاء بها و الوفاء بالكمبيالة و الرجوع لعدم الوفاء و السقوط و التقادم كما تم تناول السند لأمر ( الأذني ) و كذا الشيك .
653 ## - INDEX TERM--UNCONTROLLED
Uncontrolled term الأوراق التجارية
653 ## - INDEX TERM--UNCONTROLLED
Uncontrolled term السندات
653 ## - INDEX TERM--UNCONTROLLED
Uncontrolled term الشيكات
700 ## - ADDED ENTRY--PERSONAL NAME
Personal name الشواربي، عاطف
Relator term مؤلف ثانوي
700 ## - ADDED ENTRY--PERSONAL NAME
Personal name الشواربي، عمرو
Relator term مؤلف ثانوي
942 ## - ADDED ENTRY ELEMENTS (KOHA)
Koha item type كتب
المقتنيات
Withdrawn status Lost status Source of classification or shelving scheme Damaged status Not for loan Home library Current library Date acquired Serial enumeration / chronology Inventory number Total checkouts Full call number Barcode Date last seen Price effective from Koha item type
    Dewey Decimal Classification   NOT LOAN / إعارة داخلية مكتبة كلية العلوم الإقتصادية والعلوم التجارية وعلوم التسيير مكتبة كلية العلوم الإقتصادية والعلوم التجارية وعلوم التسيير 07/05/2026 الطابق الأرضي 26701   أ/4397ن1 26701 07/05/2026 07/05/2026 كتب

موارد الويب المفتوحة


© University of Algiers 3 All Rights Reserved
|
Implemented by LECHELAH Riad